000 00528nam a2200157 i 4500
001 101364
003 ES-MaACL
005 20230906182901.0
007 t|
008 051018s1964 sp ||||1| spa d
100 1 _aMaza Solano, Tomás.
_979455
245 1 0 _aInforme acerca de la sustitución del nombre de provincia de Santander por el de provincia de Cantabria /
_cpor Tomás Maza Solano.
260 _aSantander :
_b[s.n.],
_c1964 (
_fImp. Provincial)
300 _a76 p. ;
_c24 cm.
852 _aES-MaACL
_jC-25815
_bR.54395
999 _c101364
_d101364